A businessman's guide to the foreign exchange market /
Saved in:
| Main Author: | |
|---|---|
| Other Authors: | |
| Format: | Book |
| Published: |
Lexington, Mass. :
Lexington Books,
c1985.
|
| Subjects: | |
| Tags: |
Add Tag
No Tags, Be the first to tag this record!
|
MARC
| LEADER | 00000cam a2200000 a 4500 | ||
|---|---|---|---|
| 020 | |a 0669110930 |c TZS 2500/= | ||
| 040 | |a MUL |b eng |e AACR | ||
| 082 | 0 | 0 | |a 332.4502465 KET |
| 100 | 1 | |a Kettell, Brian. | |
| 245 | 1 | 2 | |a A businessman's guide to the foreign exchange market / |c Brian Kettell ; chapter 10 contributed by Daniel Hodson. |
| 260 | |a Lexington, Mass. : |b Lexington Books, |c c1985. | ||
| 300 | |a 198 p. : |b ill. ; |c 24 cm. | ||
| 500 | |a Includes index. | ||
| 504 | |a Bibliography: p. [191] | ||
| 650 | 0 | |a Foreign exchange market. | |
| 650 | 0 | |a International finance. | |
| 700 | 1 | |a Hodson, Daniel. | |
| 942 | |c BK | ||
| 999 | |c 8236 |d 8236 | ||